<?xml version="1.0" encoding="UTF-8"?>
<record
    xmlns:xsi="http://www.w3.org/2001/XMLSchema-instance"
    xsi:schemaLocation="http://www.loc.gov/MARC21/slim http://www.loc.gov/standards/marcxml/schema/MARC21slim.xsd"
    xmlns="http://www.loc.gov/MARC21/slim">

  <leader>00650nam a2200193 a 4500</leader>
  <controlfield tag="001">83499</controlfield>
  <controlfield tag="003">BD-RjUL</controlfield>
  <controlfield tag="005">20240327122402.0</controlfield>
  <controlfield tag="008">240327s1966    p  ||||| |||| 00| 0 urd d</controlfield>
  <datafield tag="035" ind1=" " ind2=" ">
    <subfield code="a">(BD-RjUL)83499</subfield>
  </datafield>
  <datafield tag="040" ind1=" " ind2=" ">
    <subfield code="a">BD-RjUL</subfield>
    <subfield code="b">eng</subfield>
    <subfield code="c">BD-RjUL</subfield>
  </datafield>
  <datafield tag="041" ind1=" " ind2=" ">
    <subfield code="a">urd</subfield>
  </datafield>
  <datafield tag="082" ind1=" " ind2=" ">
    <subfield code="2">23</subfield>
    <subfield code="a">914.3</subfield>
    <subfield code="b">DEG 1966</subfield>
  </datafield>
  <datafield tag="100" ind1=" " ind2=" ">
    <subfield code="a">&#x62F;&#x6C1;&#x644;&#x648;&#x6CC;&#x60C; &#x62D;&#x6A9;&#x6CC;&#x645; &#x645;&#x62D;&#x645;&#x62F; &#x633;&#x639;&#x6CC;&#x62F;  ;; Dehlavi, Hakim Mohammad Sayid /</subfield>
    <subfield code="9">12575</subfield>
  </datafield>
  <datafield tag="245" ind1="1" ind2="0">
    <subfield code="a"> &#x62C;&#x631;&#x645;&#x646;&#x6CC; &#x646;&#x627;&#x645;&#x6C1; ;; German namah / </subfield>
    <subfield code="c">&#x645;&#x635;&#x646;&#x641; : &#x62D;&#x6A9;&#x6CC;&#x645; &#x645;&#x62D;&#x645;&#x62F; &#x633;&#x639;&#x6CC;&#x62F; &#x62F;&#x6C1;&#x644;&#x648;&#x6CC; ;;; Author: Hakim Muhammad Sayid Dehlavi</subfield>
  </datafield>
  <datafield tag="264" ind1=" " ind2=" ">
    <subfield code="a">Lahore :</subfield>
    <subfield code="b">Maktubah Zadid ,</subfield>
    <subfield code="c">1966</subfield>
  </datafield>
  <datafield tag="300" ind1=" " ind2=" ">
    <subfield code="a">584 p.;</subfield>
    <subfield code="c">21 cm</subfield>
  </datafield>
  <datafield tag="942" ind1=" " ind2=" ">
    <subfield code="2">ddc</subfield>
    <subfield code="c">BK</subfield>
  </datafield>
  <datafield tag="999" ind1=" " ind2=" ">
    <subfield code="c">83499</subfield>
    <subfield code="d">83499</subfield>
  </datafield>
  <datafield tag="952" ind1=" " ind2=" ">
    <subfield code="0">0</subfield>
    <subfield code="1">0</subfield>
    <subfield code="2">ddc</subfield>
    <subfield code="4">0</subfield>
    <subfield code="7">1</subfield>
    <subfield code="8">NFIC</subfield>
    <subfield code="a">RUCL</subfield>
    <subfield code="b">RUCL</subfield>
    <subfield code="c">Reading</subfield>
    <subfield code="d">1969-09-22</subfield>
    <subfield code="e">Book Centre;     Karachi</subfield>
    <subfield code="g">15.00</subfield>
    <subfield code="l">0</subfield>
    <subfield code="o">U 914.3 DEG 1966</subfield>
    <subfield code="r">2024-03-27 00:00:00</subfield>
    <subfield code="t">C-1</subfield>
    <subfield code="w">2024-03-27</subfield>
    <subfield code="y">BK</subfield>
  </datafield>
</record>
